000 01096nam a22003017a 4500
001 1001
005 20250213155411.0
020 _a0439314321 (pbk.)
040 _aDAJ
_cDAJ
_dDLC
_beng
050 0 0 _aPZ7.M26572
082 _a538
100 1 _aCarmi, Rebecca.
245 1 0 _aAmazing magnetism /
_c[written by Rebecca Carmi ; illustrations by John Speirs].
260 _aNew York :
_bScholastic,
_c2001.
300 _a76 pages :
_billustrations ;
_c20 cm.
490 0 _aThe Magic school bus, a science chapter book ;
_vBook 12
500 _a"Based on The Magic School Bus books written by Joanna Cole and illustrated by Bruce Degen"--T.p. verso.
505 _aP
520 _aMrs. Frizzle's class challenges Mr. Order's class to a science contest, where the topic of the contest is magnetism.
521 _a630
_bLexile
521 _aP
_bRaz-Plus
650 0 _aMagnetism
_vFiction.
650 0 _aMagnets
_vFiction.
655 7 _aChildren's stories.
_2lcsh
700 1 _aSpeirs, John.
_cillustrator.
906 _a7
_bcbc
_ccopycat
_d2
_encip
_f20
_gy-genrareb
942 _2ddc
_cBK
_n0
999 _c1001
_d1001